| 000 | 00457nam a22001697a 4500 | ||
|---|---|---|---|
| 005 | 20170410172604.0 | ||
| 010 | _aENG-117729 | ||
| 020 |
_a9788192101538 _c200.00 |
||
| 035 | _aEN-101261 | ||
| 037 | _bDBAD/PUB | ||
| 082 | _a647.94092 | ||
| 100 | _a Majumdar,AnIndya | ||
| 245 |
_aBayside melodies a goan encounter / _cby AnIndya Majumdar |
||
| 260 |
_aNew Delhi _c2016 |
||
| 300 |
_a172p. _c23cm(Hb) |
||
| 942 |
_2ddc _cEN _h883.08 _mALI |
||
| 999 |
_c138715 _d138715 |
||